MyGZULibrary

Introduction to information systems / (Record no. 8336)

MARC details
000 -LEADER
fixed length control field 01308cam a2200325 a 4500
001 - CONTROL NUMBER
control field 15884535
003 - CONTROL NUMBER IDENTIFIER
control field GZU
005 - DATE AND TIME OF LATEST TRANSACTION
control field 20210519114135.0
008 - FIXED-LENGTH DATA ELEMENTS--GENERAL INFORMATION
fixed length control field 090828s2010 nyua b 001 0 eng
010 ## - LIBRARY OF CONGRESS CONTROL NUMBER
LC control number 2009036062
020 ## - INTERNATIONAL STANDARD BOOK NUMBER
International Standard Book Number 9780070167087 (pbk.)
035 ## - SYSTEM CONTROL NUMBER
System control number (OCoLC)ocn320803677
040 ## - CATALOGING SOURCE
Original cataloging agency DLC
Transcribing agency DLC
Modifying agency YDX
-- YDXCP
-- T2N
-- BTCTA
-- DLC
050 00 - LIBRARY OF CONGRESS CALL NUMBER
Classification number HF5548.2
Item number .O'BR 2010
082 00 - DEWEY DECIMAL CLASSIFICATION NUMBER
Classification number 658.4/038
Edition number 22
100 1# - MAIN ENTRY--PERSONAL NAME
Personal name O'Brien, James A.,
Dates associated with a name 1936-
245 10 - TITLE STATEMENT
Title Introduction to information systems /
Statement of responsibility, etc. James A. O'Brien, George M. Marakas.
250 ## - EDITION STATEMENT
Edition statement 15th ed.
260 ## - PUBLICATION, DISTRIBUTION, ETC.
Place of publication, distribution, etc. New York :
Name of publisher, distributor, etc. McGraw-Hill Irwin,
Date of publication, distribution, etc. c2010.
300 ## - PHYSICAL DESCRIPTION
Extent xxxiii, 592 p. :
Other physical details col. ill. ;
Dimensions 28 cm.
504 ## - BIBLIOGRAPHY, ETC. NOTE
Bibliography, etc. note Includes bibliographical references and indexes.
650 #0 - SUBJECT ADDED ENTRY--TOPICAL TERM
Topical term or geographic name entry element Business
General subdivision Data processing.
650 #0 - SUBJECT ADDED ENTRY--TOPICAL TERM
Topical term or geographic name entry element Management
General subdivision Data processing.
650 #0 - SUBJECT ADDED ENTRY--TOPICAL TERM
Topical term or geographic name entry element Management information systems.
650 #0 - SUBJECT ADDED ENTRY--TOPICAL TERM
Topical term or geographic name entry element Electronic commerce.
700 1# - ADDED ENTRY--PERSONAL NAME
Personal name Marakas, George M.
906 ## - LOCAL DATA ELEMENT F, LDF (RLIN)
a 7
b cbc
c orignew
d 1
e ecip
f 20
g y-gencatlg
942 ## - ADDED ENTRY ELEMENTS (KOHA)
Source of classification or shelving scheme Library of Congress Classification
Koha item type Books
Edition 15th ed.
Classification part 58.5
Item part O'BR
Call number prefix T
Holdings
Withdrawn status Lost status Damaged status Not for loan Collection code Home library Current library Shelving location Date acquired Total Checkouts Full call number Barcode Date last seen Copy number Price effective from Koha item type
        Non-fiction Mashava Campus Library Mashava Campus Library General Stacks 05/19/2021   T58.5O'BR2010 10052 05/19/2021 c.1 05/19/2021 Books